000 00267nam a2200109Ia 4500
008 200302s9999 xx 000 0 und d
100 _aW. T. W. (Bill) Cory
245 _aFans & Ventilation a Practical Guide
260 _bElsevier Ltd.
260 _c2013
300 _a424
999 _c3374
_d3374